000 00646nam a2200229 a 4500
008
020 _a0240802454 (pbk.)
049 _aMAIN
090 _aPN4784.B75
_bWHI
100 1 _aWhite, Ted.
245 1 0 _aBroadcast news writing, reporting, and producing /
_cTed White.
250 _a2nd ed.
260 _aBoston :
_bFocal Press,
_cc1996.
300 _axxxvii, 408 p. :
_bill. ;
_c25 cm.
500 _aIncludes index.
650 0 _aBroadcast journalism.
907 _a.b10110823
_b09-10-12
_c12-02-04
003
005 20230123133626.0
040 _cNUST
942 _cBOOKS
_kPN4784.B75
_mWHI
999 _c151840
_d151840